| 000 | 00746nam a22002297a 4500 | ||
|---|---|---|---|
| 003 | OSt | ||
| 005 | 20251125143620.0 | ||
| 008 | 251125b |||||||| |||| 00| 0 eng d | ||
| 020 | _a978-1-292-19333-5 | ||
| 040 |
_aDWC-Main lib _cOC |
||
| 082 |
_2Seventh edition _aCirc. 658.872 C433d 2019 |
||
| 100 | _aChaffey, Dave | ||
| 245 |
_a Digital business and E-commerce management/ _cDave Chaffey |
||
| 250 | _a Seventh edition | ||
| 260 |
_aHarlow, England: _bNew York, _cc2019. |
||
| 300 |
_a xxviii, 640 pages : _b color illustrations ; _c27cm. |
||
| 504 | _aIncludes index and glossary | ||
| 650 | _a1. Electronic commerce | ||
| 650 | _a2. Management | ||
| 650 | _a3. unternehmen | ||
| 942 |
_2ddc _cBK-CIRC _e Seventh edition _kCirc. _n0 |
||
| 999 |
_c6293 _d6293 |
||